Thelogia scholastica-dogmatica ex ss patribus, Maxime ex de Augustino et Angelico doctore deprompta, et acommodata ad utilitatem juventutis, in octo tomos distributa (Record no. 10888)
[ view plain ]
| 000 -CABECERA | |
|---|---|
| campo de control de longitud fija | 01345nam a22002417a 4500 |
| 001 - NÚMERO DE CONTROL | |
| campo de control | BRCA_9269 |
| 003 - IDENTIFICADOR DEL NÚMERO DE CONTROL | |
| campo de control | FranzMayer |
| 005 - FECHA Y HORA DE LA ÚLTIMA TRANSACCIÓN | |
| campo de control | 20230719130046.0 |
| 008 - DATOS DE LONGITUD FIJA--INFORMACIÓN GENERAL | |
| campo de control de longitud fija | 230719b |||||||| |||| 00| 0 eng d |
| 040 ## - FUENTE DE LA CATALOGACIÓN | |
| Centro catalogador/agencia de origen | MFM |
| Lengua de catalogación | esp |
| Centro/agencia transcriptor | MFM |
| 050 #4 - SIGNATURA TOPOGRÁFICA DE LA BIBLIOTECA DEL CONGRESO | |
| Número de clasificación | LE56 |
| Número de documento/Ítem | S87 1782 |
| 082 ## - NÚMERO DE LA CLASIFICACIÓN DECIMAL DEWEY | |
| Número de edición | BT198 |
| 110 1# - ENTRADA PRINCIPAL--NOMBRE DE ENTIDAD CORPORATIVA | |
| Código de función/relación | Responsable |
| Nombre de entidad corporativa o nombre de jurisdicción como elemento de entrada | Superiorum Facultate |
| 9 (RLIN) | 28857 |
| 240 1# - TÍTULO UNIFORME | |
| Título uniforme | Thelogia scholastica-dogmatica ex ss patribus, Maxime ex de Augustino et Angelico doctore deprompta, et acommodata ad utilitatem juventutis, in octo tomos distributa |
| Medio | Tomo IV |
| Lenguaje de la obra | Latín |
| 245 0# - MENCIÓN DE TÍTULO | |
| Título | Thelogia scholastica-dogmatica ex ss patribus, Maxime ex de Augustino et Angelico doctore deprompta, et acommodata ad utilitatem juventutis, in octo tomos distributa |
| Resto del título | Tomo IV |
| 260 ## - PUBLICACIÓN, DISTRIBUCIÓN, ETC. | |
| Lugar de publicación, distribución, etc. | Roma, Italia |
| Nombre del editor, distribuidor, etc. | Typographia Hermatheniana |
| Fecha de publicación, distribución, etc. | 1782 |
| 300 ## - DESCRIPCIÓN FÍSICA | |
| Extensión | 354 p |
| Dimensiones | 18 cm |
| 440 ## - MENCIÓN DE SERIE/PUNTO DE ACCESO ADICIONAL--TÍTULO | |
| Título | Thelogia scholastica-dogmatica ex ss patribus, Maxime ex de Augustino et Angelico doctore deprompta, et acommodata ad utilitatem juventutis, in octo tomos distributa |
| Número de parte o sección de la obra | De divini verbi incarnationes, et de deo. Legum Auctore |
| Nombre de parte o sección de la obra | Tomo IV |
| 9 (RLIN) | 28858 |
| 505 0# - NOTA DE CONTENIDO CON FORMATO | |
| Nota de contenido con formato | Texto en: latínDirigido a: historiadores, teólogos, antropólogosIncluye índice (temático) |
| 650 1# - PUNTO DE ACCESO ADICIONAL DE MATERIA--TÉRMINO DE MATERIA | |
| Fuente del encabezamiento o término | Religión |
| Término de materia o nombre geográfico como elemento de entrada | Religión cristiana |
| Subdivisión de forma | Teología |
| 9 (RLIN) | 28859 |
| 651 2# - PUNTO DE ACCESO ADICIONAL DE MATERIA--NOMBRE GEOGRÁFICO | |
| Fuente del encabezamiento o término | Historia y principios de la religión |
| Nombre geográfico | Estudios religiosos |
| 9 (RLIN) | 28860 |
| 942 ## - ELEMENTOS DE PUNTO DE ACCESO ADICIONAL (KOHA) | |
| Fuente del sistema de clasificación o colocación | Library of Congress Classification |
| Tipo de ítem Koha | Libros |
| Estado de retiro | Estado de pérdida | Fuente del sistema de clasificación o colocación | Estado dañado | No para préstamo | Código de colección | Localización permanente | Ubicación/localización actual | Fecha de adquisición | Fuente de adquisición | Total de préstamos | Signatura topográfica completa | Código de barras | Fecha visto por última vez | Precio válido a partir de | Tipo de ítem Koha |
|---|---|---|---|---|---|---|---|---|---|---|---|---|---|---|---|
| El ejemplar forma parte de la colección y puede ser consultado según las políticas vigentes. | Library of Congress Classification | Conventual Franz Mayer | Biblioteca del Museo Franz Mayer (Rogerio Casas-Alatriste) | Biblioteca del Museo Franz Mayer (Rogerio Casas-Alatriste) | 19/07/2023 | Donación | LE56 S87 1782 | CFM00502 | 19/07/2023 | 19/07/2023 | Libros |